00409nam a22001337a 450000500170000000800410001704100120005808200120007010000120008224500380009426000870013230000310021965000250025020240820081555.0240820b |||||||| |||| 00| 0 eng d aEnglish a349 LAW lEnglish aThe Law Reports: Family Division  aLondon: bThe Incorporated Council of Law Reporting for England and Wales, c1984  bxiii, 118 pages; c25 cm.  aLegal practice bLaw